Wright Brothers

Bibliographic Details
Format: Book
Published: Selangor : Penerbit Mikamas , 2005
Series:World's Greatest Scientists
Subjects:

MARC

LEADER 00000cam a2200000 7i4500
001 0000006956
005 20151222.0
008 070827
020 |a 9830753786(set) 
020 |a 9830753840 
090 0 0 |a BIO   |b ENG 
245 0 0 |a Wright Brothers 
260 |a Selangor :   |b Penerbit Mikamas ,   |c 2005 
440 |a World's Greatest Scientists 
500 |a Children ages 10-12 years old (pink) 
650 0 |a Biography 
999 |a 0000987616   |b Book   |c Children Collection   |e Cawangan Batu Pahat 
999 |a 0000987617   |b Book   |c Children Collection   |e Cawangan Muar 
999 |a 0000987618   |b Book   |c Children Collection   |e Cawangan Pontian